<?xml version="1.0" encoding="UTF-8"?>
<record
    xmlns:xsi="http://www.w3.org/2001/XMLSchema-instance"
    xsi:schemaLocation="http://www.loc.gov/MARC21/slim http://www.loc.gov/standards/marcxml/schema/MARC21slim.xsd"
    xmlns="http://www.loc.gov/MARC21/slim">

  <leader>01000nam a22002057a 4500</leader>
  <controlfield tag="003">OSt</controlfield>
  <controlfield tag="005">20260526115528.0</controlfield>
  <controlfield tag="008">260526b        |||||||| |||| 00| 0 eng d</controlfield>
  <datafield tag="020" ind1=" " ind2=" ">
    <subfield code="a">9789357759304</subfield>
  </datafield>
  <datafield tag="082" ind1=" " ind2=" ">
    <subfield code="a">891.4309</subfield>
    <subfield code="b">M27H</subfield>
  </datafield>
  <datafield tag="100" ind1=" " ind2=" ">
    <subfield code="a">&#x92E;&#x93E;&#x939;&#x947;&#x936;&#x94D;&#x935;&#x930;&#x940;, &#x92A;&#x94D;&#x930;&#x947;&#x92E;&#x91A;&#x902;&#x926;&#x94D;&#x930; </subfield>
  </datafield>
  <datafield tag="245" ind1=" " ind2=" ">
    <subfield code="a">&#x939;&#x93F;&#x902;&#x926;&#x940; &#x930;&#x93E;&#x92E;&#x915;&#x93E;&#x935;&#x94D;&#x92F; &#x915;&#x93E; &#x938;&#x94D;&#x935;&#x930;&#x941;&#x92A; &#x914;&#x930; &#x935;&#x93F;&#x915;&#x93E;&#x938;</subfield>
    <subfield code="b">: &#x92C;&#x926;&#x932;&#x924;&#x947; &#x92F;&#x941;&#x917;&#x92C;&#x94B;&#x927; &#x915;&#x947; &#x92A;&#x930;&#x93F;&#x92A;&#x94D;&#x930;&#x947;&#x915;&#x94D;&#x937;&#x94D;&#x92F; &#x92E;&#x947;&#x902;</subfield>
    <subfield code="c">by &#x92E;&#x93E;&#x939;&#x947;&#x936;&#x94D;&#x935;&#x930;&#x940; &#x92A;&#x94D;&#x930;&#x947;&#x92E;&#x91A;&#x902;&#x926;&#x94D;&#x930;</subfield>
  </datafield>
  <datafield tag="260" ind1=" " ind2=" ">
    <subfield code="a">&#x928;&#x908; &#x926;&#x93F;&#x932;&#x94D;&#x932;&#x940;</subfield>
    <subfield code="b">&#x932;&#x947;&#x916;&#x936;&#x94D;&#x930;&#x940; &#x92A;&#x92C;&#x94D;&#x932;&#x93F;&#x915;&#x947;&#x936;&#x928;  </subfield>
    <subfield code="c">2023</subfield>
  </datafield>
  <datafield tag="300" ind1=" " ind2=" ">
    <subfield code="a">368p. </subfield>
    <subfield code="b">Hardback</subfield>
  </datafield>
  <datafield tag="546" ind1=" " ind2=" ">
    <subfield code="a">Hindi</subfield>
  </datafield>
  <datafield tag="650" ind1=" " ind2=" ">
    <subfield code="2">&#x939;&#x93F;&#x902;&#x926;&#x940; &#x915;&#x935;&#x93F;&#x924;&#x93E; -- &#x907;&#x924;&#x93F;&#x939;&#x93E;&#x938; &#x914;&#x930; &#x906;&#x932;&#x94B;&#x91A;&#x928;&#x93E;</subfield>
  </datafield>
  <datafield tag="650" ind1=" " ind2=" ">
    <subfield code="2">&#x939;&#x93F;&#x902;&#x926;&#x940; &#x915;&#x935;&#x93F;&#x924;&#x93E; -- &#x930;&#x93E;&#x92E;&#x92D;&#x915;&#x94D;&#x924;&#x93F; &#x936;&#x93E;&#x916;&#x93E;</subfield>
  </datafield>
  <datafield tag="650" ind1=" " ind2=" ">
    <subfield code="2">&#x939;&#x93F;&#x902;&#x926;&#x940; &#x938;&#x93E;&#x939;&#x93F;&#x924;&#x94D;&#x92F; &#x92E;&#x947;&#x902; &#x930;&#x93E;&#x92E;&#x93E;&#x92F;&#x923;</subfield>
  </datafield>
  <datafield tag="942" ind1=" " ind2=" ">
    <subfield code="2">ddc</subfield>
    <subfield code="c">BK</subfield>
  </datafield>
  <datafield tag="999" ind1=" " ind2=" ">
    <subfield code="c">29506</subfield>
    <subfield code="d">29506</subfield>
  </datafield>
  <datafield tag="952" ind1=" " ind2=" ">
    <subfield code="0">0</subfield>
    <subfield code="1">0</subfield>
    <subfield code="2">ddc</subfield>
    <subfield code="4">0</subfield>
    <subfield code="7">0</subfield>
    <subfield code="8">TXB</subfield>
    <subfield code="a">CURAJ</subfield>
    <subfield code="b">CURAJ</subfield>
    <subfield code="c">HND</subfield>
    <subfield code="d">2026-05-26</subfield>
    <subfield code="e">Metro</subfield>
    <subfield code="g">2000.00</subfield>
    <subfield code="i">3891/05-03-2026</subfield>
    <subfield code="l">1</subfield>
    <subfield code="o">891.4309 M27H</subfield>
    <subfield code="p">049050</subfield>
    <subfield code="q">2026-07-03</subfield>
    <subfield code="r">2026-06-03</subfield>
    <subfield code="s">2026-06-03</subfield>
    <subfield code="w">2026-05-26</subfield>
    <subfield code="y">BK</subfield>
  </datafield>
</record>
